[Event "Asia-ch"]
[Site "Kolkata"]
[Date "2001.08.11"]
[Round "3"]
[White "Xu, Jun"]
[Black "Li, Wenliang"]
[Result "1-0"]
[WhiteElo "2646"]
[BlackElo "2494"]
[Annotator "Ribli,Z"]
[PlyCount "149"]
[EventDate "2001.08.09"]
[EventType "swiss"]
[EventRounds "11"]
[EventCountry "IND"]
[SourceTitle "CBM 085"]
[Source "ChessBase"]
[SourceDate "2001.11.13"]
[SourceVersion "1"]
[SourceVersionDate "2001.11.13"]
[SourceQuality "1"]

1. d4 Nf6 2. c4 e6 3. Nc3 Bb4 4. Nf3 d5 5. Bg5 Nbd7 6. cxd5 exd5 7. e3 (7. Qc2
{Diese Variante ist eine gute Möglichkeit für Weiß - er spielt (noch) nicht
e2-e3, was hat Bedeutung z.B. in der Variante 7...c5 8.dxc5 h6, oder 8...Qa5 -
in beiden Fällen kann Weiß stark 9.Bd2 antworten.}) 7... c5 8. Bd3 Qa5 9. Qc2
c4 10. Bf5 {Dieser Plan wurde schon von Alekhine gespielt.} O-O 11. O-O Re8 12.
Nd2 g6 13. Bxd7 {Dieser Zug bietet Weiss mehr Chancen auf Eröffnungsvorteil
als die Rückkehr mit dem Läufer nach h3.} (13. Bh3 Bxc3 14. bxc3 Ne4 15. Nxe4
dxe4 {[%cal Ga5g5]} 16. Bxd7 Bxd7 17. Bf4 Bc6 $11) 13... Nxd7 14. Rae1 (14. f3)
14... Nb6 15. f3 {Das ist die typische Strategie für Weiß - er möchte, wenn
möglich, die Zentrumsstellung mit e3-e4 sprengen. Schwarz hat schon c5-c4
gespielt, so er hat wenige aktive Möglichkeiten im Zentrum.} Bd7 16. h4 {
Dieser Zug verteidigt den g5-Läufer, so kann Weiß nun 17.e4 spielen und nach
dxe4 hängt der g5B nicht mehr (von der schwarzen Dame). Anderseits
kompromittiert dieser Zug den weißen Königsflügel auch.} (16. Bh4 Bf8 (16...
Bxc3 {- 54/(411)}) 17. e4 Bg7 18. Bf2 Rad8 19. exd5 $1 Rf8 $1 20. d6 Bf5 $13 {
Hoffman,A-Mikhalevski,V/Benasque 1993/Inf 60 (26)}) 16... Bxc3 (16... Na4 17.
Ndb1 Re6 (17... Nxc3 18. Nxc3 Bxc3 19. bxc3 Ba4 20. Qd2 Bc6 21. h5 Re6 22. hxg6
hxg6 23. g4 {1/2-1/2 Hillarp Persson,T-Barkhagen,J/Stockholm 1993/EXT 93op (23)
}) 18. e4 Nxc3 (18... Rae8 19. Bd2 Bc6 20. exd5 Rxe1 21. Rxe1 Rxe1+ 22. Bxe1
Bxd5 23. Bg3 Nxc3 24. Nxc3 Bc6 {1/2-1/2 Vallifuoco,G-Tatai,S/Chianciano 1988/
EXT 2000 (24)}) 19. bxc3 Bf8 20. exd5 Qxd5 21. Rxe6 Qxe6 22. Nd2 f5 23. Qb1 Qd5
24. Re1 Re8 25. Rxe8 Bxe8 {0-1 Dizdar,G-Kovacevic,V/Makarska 1993/EXT 93 (56)})
(16... Bf8 17. e4 Bg7 18. Be3 Rad8 19. Ndb1 dxe4 20. fxe4 f5 21. e5 Be6 22. h5
Nd5 {1/2-1/2 Nemet,I-Giorgadze,G/Forli 1992/TD 92\11 (39)}) 17. bxc3 Ba4 (17...
Na4 18. Nb1 Re6 19. e4 Rae8 20. e5 Qb6 21. Qf2 Nb2 {[%csl Yd3]} 22. Re3 Nd3 23.
Qd2 f5 {0-1 Nemet,I-Wirthensohn,H/Wohlen 1993/EXT 93 (54)}) (17... Qa4) 18. Qc1
Bc6 19. Rf2 {Weiß verteidigt indirekt den a2-Bauern und bereitet die
Turmverdoppelung mit Rfe2 vor.} (19. e4 Qxa2 $17) 19... Na4 (19... Qxa2 $2 20.
Ne4 $16 {[%cal Rf2a2,Re4f6,Rf6g8,Rf6e8]}) 20. Nb1 Re6 {Schwarz möchte die
Türme auf der e-Linie verdoppeln und wenn möglich den Durchbruch e3-e4
verhindern.} 21. Rfe2 Rae8 $13 {Schwarz hat aktives Figurenspiel und Weiß kann
noch nicht e3-e4 ziehen.} 22. Qc2 b5 (22... f5 23. Bf4 $14 {[%cal Gf4e5] Die
schwarze Stellung ist scheinbar aktiv, aber Weiß kontrolliert sehr stark die
dunkelfarbigen Punkte, besonders am Königsflügel.}) 23. a3 (23. e4 b4 24. cxb4
Qxb4 $132) 23... Qc7 {Nach 23.a3 steht die Dame schon überflüssig auf a5. Mit
diesem Zug bereitet Schwarz das Spiel am Damenflügel mit a5-b4 vor.} (23... f5
24. Bf4 $14 {[%cal Gf4e5]}) 24. e4 Qg3 {[%csl Gg3] Droht 25...dxe4 26.fxe4 Qd3
mit besserem schwarzen Spiel. Dieser Damenzug ist eine Konsequenz des Zugs 16.
h4.} 25. e5 h6 $1 {Auf diese Weise bekommt Schwarz den h4-Bauern und die
h-Linie.} 26. Bxh6 (26. Bf6 Nb6 {[%cal Gb6d7,Gd7f6]} 27. Qc1 Kh7 (27... Nd7 28.
Qxh6 $16) 28. Nd2 Qf4 $15 (28... Nd7 $4 29. Nf1 $18 {[%csl Rg3]})) 26... Qxh4 {
Der weiße dunkelfarbige Läufer hat seine Unterstützung (den h4-Bauern)
verloren.} 27. Qc1 (27. Qd2) 27... f6 28. Bf4 (28. Qf4 Qxf4 (28... Qh5 $2 29.
exf6 $18) 29. Bxf4 g5 30. Bg3 f5 $15) 28... g5 29. Bh2 f5 $15 {Der weisse
e-Bauer ist blockiert, und im folgenden möchte Schwarz die h-Linie besetzen,
um Drohungen gegen den weißen König aufzustellen.} 30. Nd2 {Der früher passive
Springer zielt auf das Feld f1.} Bd7 31. Nf1 Rh6 {Schwarz hat noch keine
konkrete Drohungen, aber er möchte den e-Bauern mit dem Läufer blockieren.} 32.
e6 $5 {Dieser Bauern war nichts wert - Weiß öffnet nun die Diagonale des
h2-Läufers.} Rhxe6 33. Be5 Rh6 (33... Kf7 34. Ne3 Rh6 35. Nxd5 Bc6 $36) 34. Bh2
Rhe6 35. Re5 $6 {Spielt Weiß wirklich auf Gewinn mit einem Bauern weniger? Es
wäre besser die Züge zu wiederholen.} (35. Be5) 35... Rxe5 36. Bxe5 Kf7 $17 (
36... f4 $17) 37. Re2 Rg8 $2 (37... f4 $17) 38. Ne3 $1 $132 Be6 (38... Nb6 39.
Qc2 f4 40. Nf5 $132) 39. g3 (39. Qc2 $5 $132) 39... Qh5 40. g4 Qg6 (40... fxg4
41. fxg4 {[%cal Ge2f2,Gf2f7]} Qg6 42. Rf2+ Ke7 $13) 41. gxf5 Bxf5 42. Ng4 $6 (
42. Nxd5 g4 43. Rg2 $13) 42... Re8 43. Rh2 {[%mdl 2048]} Bxg4 44. fxg4 Ke6 (
44... Rf8 45. Rf2+ Ke8 46. Rxf8+ Kxf8 $17) 45. Rf2 {[%csl Re6]} Re7 $2 (45...
Kd7 46. Rf6 $132) 46. Rf6+ $14 {[%cal Rf6e6,Rf6g6] Auf diese Weise Weiss
gewinnt die Dame. Die technische Verwertung des Materialvorteils ist nicht
ganz leicht.} Qxf6 47. Bxf6 Kxf6 48. Qf1+ {[%mdl 4096]} Ke6 (48... Kg6 $2 49.
Qf5+ $18) 49. Qf3 (49. Qf5+ Kd6 50. Qxg5 Nxc3 {Eine ähnliche Stellung haben
wir in der Partie (siehe 53.Qxg5 Nxc3), aber dort ist der Unterschied der,
dass der weiße König auf g2 steht und der schwarze Bauer auf a6.}) 49... Kd6
50. Kg2 {Weiss muss sich nicht beeilen, zuerst verbessert er die
Königsstellung. Schwarz kann nur warten.} a6 51. Qf6+ Kd7 52. Qf5+ (52. Qxa6 $6
Nxc3 53. Qa5 Re3 $132 {[%csl Gc3,Ge3]}) 52... Kd6 53. Qxg5 Nxc3 54. Qf6+ Re6 (
54... Kd7 55. Qxa6 $16) 55. Qd8+ Kc6 56. g5 $16 {[%csl Gg5] Der ernfernte
g5-Freibauer ist besonders stark. Schwarz hat Turm, Springer und Bauer gegen
die Dame, was mathematisch gesehen genügender Ersatz wäre, aber die
Koordination der schwarzen Figuren ist schwach.} Ne2 57. Qc8+ Kd6 58. Qc5+ {
Mit diesem Schach gewinnt Weiß einen weiteren Bauern.} Kd7 59. Qxd5+ Rd6 60.
Qf7+ Kd8 61. Qf8+ Kd7 62. Qf7+ Kd8 63. d5 $18 (63. g6 $5 Rxg6+ 64. Kf2 $18 (64.
Qxg6 Nf4+ $19 {[%cal Rf4g6,Rf4g2]})) 63... c3 64. Qf8+ Kd7 65. Kf2 Rxd5 (65...
c2 66. Qf5+ Kd8 67. Qxc2 $18) 66. Kxe2 {Dieses Endspiel ist hoffnungslos für
Schwarz. Der c-Bauer ist leicht haltbar.} c2 67. Qf7+ Kd6 68. Qf4+ Ke6 69. g6
Rf5 70. Qh6 (70. Qc7 $18 {[%cal Rc7c2]}) 70... Rh5 71. Qf4 Rh2+ 72. Kd3 (72.
Kf3 $18) 72... Rg2 73. g7 c1=Q (73... Rxg7 74. Kxc2 $18) 74. Qxc1 Rxg7 75. Qh6+
(75. Qh6+ Kf7 76. Qxa6 $18) 1-0

[Event "Petrov Memorial op"]
[Site "St Petersburg"]
[Date "2000.02.14"]
[Round "7"]
[White "Najer, Evgeniy"]
[Black "Aleksandrov, Aleksej"]
[Result "0-1"]
[WhiteElo "2572"]
[BlackElo "2606"]
[Annotator "Ribli,Z"]
[PlyCount "82"]
[EventDate "2000.02.05"]
[EventType "swiss"]
[EventRounds "9"]
[EventCountry "RUS"]
[SourceTitle "CBM 076"]
[Source "ChessBase"]
[SourceDate "2000.05.31"]
[SourceVersion "1"]
[SourceVersionDate "2000.05.31"]
[SourceQuality "1"]

1. d4 Nf6 2. c4 e6 3. Nf3 d5 4. Nc3 Bb4 {Großmeister Aleksandrov spielt gerne
die Ragozin-Variante des Damengambits. Diese Variante ist ein Hybrid der
Nimzoindischen Verteidigung und des Damengambits, dabei gibt Schwarz oft den
Bb4 für den Nc3 und spielt in erster Linie auf den weißen Feldern.} 5. Bg5 {
Dieser Zug ist eine Hauptvariante - die andere Möglichkeit wäre 5.cxd5 exd5 6.
Bg5.} h6 6. Bxf6 Qxf6 7. Qb3 {Dieser logische Zug wird relativ selten gespielt.
Die Alternative ist 7.e3 (7.Qa4+ ist auch möglich) und im Fall von 7...0-0
spielt man 8.Rc1.} c5 8. cxd5 exd5 9. e3 (9. a3 $5) 9... Nc6 (9... O-O 10. dxc5
Nc6 11. Bb5 {Diese Variante wäre nur eine Zugumstellung zur Partiefortsetzung.}
) 10. Bb5 O-O 11. dxc5 d4 (11... Bxc5 $2 12. Nxd5 $16) 12. Bxc6 dxc3 13. Qxb4
cxb2 14. Rb1 bxc6 {Nach einigen forcierten Zügen haben wir die Grundstellung
der Qb3-Variante vor uns. Schwarz kann seinen Pb2 nicht halten, dank seines
weißfeldrigen Läufers hat er aber Chancen auf Gegenspiel.} 15. Qxb2 (15. O-O $5
{Diese ruhige Fortsetzung bietet Weiß meines Erachtens die besten
Möglichkeiten.} Ba6 16. Rfe1 Rab8 17. Qa3 Bc4 18. Nd4 Rfe8 $1 19. f3 Qg5 20.
Nxc6 Rbc8 $6 (20... Rb5 21. Nd4 Rxc5 22. Rxb2 Ra5 23. Qc3 Rxa2 24. Rxa2 Bxa2
25. Ra1 Be6 $1) 21. f4 $1 Qd5 22. Ne5 Qxc5 23. Qxc5 Rxc5 24. Rxb2 {1-0
Seirawan,Y-Polgar,J/Amsterdam 1995/Inf 64/[Seirawan,Y] (62)}) 15... Qg6 (15...
Qf5 16. O-O Qxc5 17. Rfc1 Qd5 18. Nd4 c5 19. Qb5 Bh3 20. gxh3 Qg5+ 21. Kf1 cxd4
22. Qxg5 hxg5 23. exd4 {Weiß hat nur einen symbolsichen Vorteil.} Rad8 24. Rb4
{1/2-1/2 Doroshkievich,V-Zilberstein,V/USSR 1972/Inf 13 (48)}) 16. O-O Bh3 17.
Nh4 Qh5 {Meiner Meinung nach ist dieser Zug präziser als 17...Qg5, weil die
Dame hier aktiver steht und der Zug Nf3 nicht mit Tempo kommen kann.} (17...
Qg5 18. Qb4 (18. Qd4 $5 Rad8 19. Qa4 Bg4 20. g3 Bh3 21. Rfc1 Qf6 22. Qf4 Qe6
23. Nf3 Qxa2 24. g4 $1 $16) 18... Rab8 (18... Rad8 $44) 19. Qf4 Qxf4 20. exf4
Be6 21. a3 Rb5 22. Rxb5 cxb5 23. Rb1 a6 24. Rc1 Rc8 25. c6 Kf8 26. Nf3 Ke7 27.
Nd4 Bc4 {1/2-1/2 Jusiak,G-Rotstein,A/Naleczow 1989/EXT 97 (56)}) 18. gxh3 $6
$146 {Diese genügsame Fortsetzung verschafft Schwarz angenehmes Spiel. Die
alte Fortsetzung 18.Qb4 wäre besser.} (18. Qb4 Be6 19. Nf3 Bxa2 20. Ra1 a5 21.
Qa4 Be6 22. Nd4 Bd5 23. f3 f5 24. Nxc6 Qe8 25. Nxa5 Qxe3+ 26. Kh1 Qxc5 27. Rfc1
Qb6 28. Rcb1 Qe6 29. Re1 Qb6 30. Reb1 {1/2-1/2 Beliavsky,A-Tal,M/Moscow 1987/
CBM 04 (30)}) 18... Qxh4 $11 19. Qd4 (19. Kg2 Qg5+ {[%cal Rg5c5,Rg5g2]}) 19...
Qxh3 20. Qe4 {Die weiße Königsstellung ist etwas geschwächt, aber das Material
ist bereits reduziert. Weiß kann - bei gutem Spiel - das Gleichgewicht halten.}
Rae8 $5 21. Qxc6 Re5 $44 {[%mdl 2048] Droht 22...h5 und im Falle von 23.Qg2
Rg5 mit Gewinn.} 22. Kh1 Rc8 23. Qg2 Qe6 (23... Qxg2+ 24. Kxg2 Rexc5 $11) 24.
Rfc1 Rexc5 (24... Rg5 25. Qf3 $11) 25. Rxc5 Rxc5 26. a3 Qa2 $15 {Die schwarze
Stellung ist aktiver - sein König befindet sich in Sicherheit und seine
Figuren kontrollieren die wichtigen Punkte.} 27. Qe4 f5 28. Qb7 Qc4 (28... Qxa3
29. Rg1 g5 30. Rd1 Rc1 31. Qd5+ $11) 29. Rg1 (29. Qxa7 $4 Qe4+ $19) 29... Rc7
30. Qf3 Qd3 {Schwarz hat eine bequeme Stellung, seine Dame steht zentral und
aktiv. Die große Frage aber lautet: kann er etwas Konkretes erreichen?} 31. Rd1
Qc2 32. Rd8+ Kh7 33. Qd5 $2 $138 {[%mdl 8192] Weiß gibt den Pf2 her, aber
dafür er hat nur Pseudo-Drohungen gegen den schwarzen König.} (33. Kg2 Rc6 34.
Qd5 $11) 33... Qxf2 $19 34. Qg8+ Kg6 35. Rd6+ (35. Qe8+ Kg5 $19) 35... Kg5 36.
Qd8+ Kg4 37. Rg6+ (37. Qxc7 Qf1#) 37... Kh5 $6 $138 (37... Kh3 $1 $19 {Dieser
Zug gewinnt sofort.}) 38. Qe8 (38. Qxc7 Kxg6 39. Qc1 Kh5 $19) 38... Qf3+ 39.
Rg2+ Kh4 40. Qd8+ Kh3 41. Qd2 Rc1+ $1 {Weiß gab auf - das Matt folgt im
nächsten Zug.} 0-1

[Event "RUS-ch 56th"]
[Site "Krasnoyarsk"]
[Date "2003.09.04"]
[Round "2"]
[White "Bocharov, Dmitry"]
[Black "Yandarbiev, Ruslan"]
[Result "0-1"]
[WhiteElo "2526"]
[BlackElo "2424"]
[Annotator "Ribli,Z"]
[PlyCount "124"]
[EventDate "2003.09.03"]
[EventType "swiss"]
[EventRounds "9"]
[EventCountry "RUS"]
[SourceTitle "CBM 098"]
[Source "ChessBase"]
[SourceDate "2004.02.03"]
[SourceVersion "1"]
[SourceVersionDate "2004.02.03"]
[SourceQuality "1"]

1. d4 Nf6 2. Nf3 e6 3. c4 d5 4. Nc3 Bb4 {Das ist die sogenannte Ragozin
Variante, die wieder populär in der letzten Zeit ist. Diese Variante ist
eigentlich eine Mischung der Nimzoindischen Verteidigung und des Damengambits,
wo Schwarz - in vielen Varianten mit Bxc3- für das e4-Feld kämpft.} 5. Bg5 Nbd7
{Das ist die sogenannte Manhatten Variante - Schwarz verteidigt seinen
f6-Springer und im Folgenden möchte er am Damenfluegel mit c5 und Qa5 spielen.}
(5... dxc4 {Auf diese Weise können wir in der Wiener Variante des Damengambits
übergehen.}) 6. cxd5 exd5 7. e3 O-O 8. Bd3 c5 9. O-O Qa5 10. Qc2 c4 11. Bf5 g6
{Dieser Zug ist auch nicht schlecht, aber die Alternative 11...Re8!? kommt
auch stark in Betracht.} (11... Re8 $5 12. Nd2 g6 13. Bh3 Bxc3 $1 14. bxc3 Ne4
15. Nxe4 dxe4 $10) 12. Bxd7 Nxd7 13. Nd2 {Der Springerzug führt zur
Hauptvariante. Stattdessen kann Weiß auch 13.e4!? spielen, woraufhin er die
schwarze Königsstellung erzielen kann.} (13. e4 $5 Bxc3 14. bxc3 dxe4 15. Qxe4
Nb6 16. Bh6 Bf5 17. Qh4 {1-0 Svetushkin,D-Bets,A/Bucharest ROM 2003/(20)})
13... Re8 14. h4 {Mit dem Textzug verteidigt Weiß vorher den g5-Läufer und
möchte im Folgendem e3-e4 ziehen. Die Alternativen sind populärer, besonders
14.f3 (die Idee des Zugs ist es, später e3-e4 zu ziehen), was die prinzipielle
Fortsetzung ist.} (14. f3) (14. Rae1) 14... Nb6 15. e4 (15. f3 Bxc3 16. bxc3
Qa4 17. Qc1 (17. Qb1 Qa3 18. Rc1 Bd7 19. e4 Rac8 20. Nf1 dxe4 21. fxe4 f5 22.
e5 Nd5 23. Qc2 {1-0 Pinter,J-Greenfeld,A/Beersheba 1991/CBM 25 (51)}) 17... Bf5
18. Re1 Qc6 (18... Bd3 $5 $10 {Bykhovsky,Av}) 19. Nf1 Na4 20. Ng3 Bd3 (20...
Bd7 21. e4 $14) 21. Nh1 (21. Qa3 b5 22. Nh1 a5 {1-0 Ristic,N-Maksimovic,B/Nis
1996/EXT 99 (42)}) 21... Kg7 22. Nf2 f6 23. Bf4 {1-0 Sokolov,I-Sosonko,G/NED
1996/CBM 54/[Ftacnik] (58)}) (15. Nb3 Qa6 16. Nc5 Qa5 17. a4 Bf5 18. e4 dxe4 (
18... Bxe4 $5 19. N3xe4 dxe4 20. Nxe4 Nd5 $15) 19. Nxb7 Qa6 20. Nc5 Qc8 {
1/2-1/2 Kempinski,R-Tischbierek,R/Germany 2002/CBM 93/[Ribli] (42)}) 15... Bxc3
16. bxc3 dxe4 {Das ist der prinzipelle Zug für Schwarz - nach dem Tausch auf
e4 kann der b6N das Schlüsselfeld-d5 besetzen.} (16... Na4 17. Rac1 Kg7 18.
Rfe1 (18. f3) 18... h6 19. Bf4 b5 20. Nf3 (20. h5 $1 g5 21. Be5+ $16 f6 $2 22.
exd5 $18 {[%csl Rg7][%cal Rc2g6,Rg6g7]}) 20... dxe4 21. Qd2 Bf5 22. Bxh6+ Kh7
23. Nh2 Qd8 {0-1 Petran,P-Horvath,P/HUN 1996/EXT 2000 (45)}) 17. Nxe4 Nd5 {
[%csl Gd5] Der d5N steht ausgezeichnet und im Folgenden kann Schwarz 18...Bf5
ziehen.} 18. Rae1 (18. Nf6+ Nxf6 19. Bxf6 Bf5 20. Qd2 Re6 21. Bg5 f6 22. Bh6
Qd5 23. Rfe1 Rae8 {1/2-1/2 Cvitan,O-Palac,M/Pula 1993/EXT 99 (35)}) 18... Bf5
19. f3 {Weiß verteidigt den e4-Springer und im Falle vom eventuellen Bxe4 kann
er immer mit fxe4 antworten.} h5 {[%csl Gf5][%mdl 32] Auf diese Weise sichert
sich Schwarz seine f5-Läuferstellung, er muss nicht mit g2-g4 rechnen.} (19...
Bxe4 $2 20. fxe4 Qxc3 (20... Nxc3 21. Bd2 $18) 21. Qf2 $18) 20. Qf2 {[%cal
Gf1f7] Weiß hat Angriffshoffnungen am Königsflügel, seine Idee ist 21.g4.} Qc7
$11 {Schwarz hat keine Probleme. Mit dem Damenzug verhindert er die
Möglichkeit 21.Qg3. 21.g4 geht nicht, weil nach 21...hxg4 22.fxg4 Bxe4 der
f7-Punkt gedeckt ist.} (20... Nxc3 $2 21. Nf6+ $18 {[%cal Rf6e8,Rf6g8]} (21.
Bd2 Nxe4 22. fxe4 c3 23. Bh6 $18)) 21. Bf6 $6 {[%cal Gf6e5] Weiß spielt für
Angriff am Königsflügel, hat aber keine Mehrheit. Nach meiner Meinung wäre es
besser mit 21.Nf6+ die Stellung zu vereinfachen.} (21. Nf6+ Nxf6 22. Bxf6 Qc6
$11) 21... Qc6 22. Be5 f6 {Auf diese Weise verjagt Schwarz den weißen
dunkelfarbigen Läufer.} 23. Bh2 Re6 $15 {[%cal Ga8e8,Ge8e1] Schwarz möchte im
Folgenden die Türme auf der e-Linie doppeln.} 24. Qd2 {[%cal Gd2h6]} Kg7 {
Natuerlich Schwarz lasst nicht die Dameneindringung nach h6.} 25. Bg3 (25. Nc5
Rxe1 26. Rxe1 b6 $15) 25... b6 {Mit diesem profilaktischem Zug verteidigt sich
Schwarz gegen die Möglichkeit Nc5.} (25... Rae8 26. Nd6 Rxe1 27. Nxf5+ gxf5 {
Schwarz hat einen Doppelbauern auf der f-Linie, was auf den ersten Blick nicht
schön aussieht, aber Weiß kann das nicht ausnutzen.} 28. Rxe1 Rxe1+ 29. Qxe1 f4
30. Bf2 b5 $15) 26. Re2 Rae8 27. Rfe1 Qd7 {Schwarz hat keine konkreten
Drohungen, aber ein besseres Figurenspiel. Mit dem Damezug verteidigt Schwarz
sich gegen Nd6 und Nxf5, weil er in diesem Fall Qxf5 zurücknehmen kann.} 28.
Nd6 Rxe2 29. Rxe2 (29. Nxf5+ Qxf5 30. Rxe2 Rxe2 31. Qxe2 Qd3 (31... b5 32. Qe8
$132) (31... Qc8 $15) 32. Qe6 Qe3+ 33. Qxe3 Nxe3 $15 {[%cal Ge3d5]}) 29... Rxe2
30. Qxe2 Bd3 (30... Nxc3 $2 31. Qxc4 $16) 31. Qe1 Qe7 32. Qxe7+ Nxe7 33. Be1 {
[%mdl 4096]} Nd5 {[%csl Gc4,Gd3,Gd5] In diesem Leichtfigurenendspiel hat
Schwarz Raumvorteil und bessere Figurenstellung.} 34. Kf2 Kf8 35. Bd2 a6 $1 36.
Ke1 $2 (36. Ne4 $142 $15) 36... f5 $1 $17 {[%csl Rd6] Die Züge 35...a6! und 36.
..f5! richten sich gegen den d6-Springer, welcher sich in großer Not befindet
und nur passive Möglichkeiten hat.} 37. Nb7 Ke8 38. a3 Kd7 {[%csl Rb7][%cal
Rd7c7,Rc7b7]} 39. Bg5 {Dieser Zug verliert einen Bauern, aber sonst kann Weiß
seinen Springer nicht retten.} Nxc3 40. Nd8 {[%cal Gd8f7,Gf7e5]} Nb5 {[%cal
Rb5a3,Rb5d4]} 41. Nf7 f4 $1 {Einfache Lösung - auf diese Weise verteidigt
Schwarz den g6-Bauern (mit dem d3-Laufer).} (41... Nxd4 42. Ne5+ Ke6 43. Nxg6
Nc2+ 44. Kd2 Nxa3 $17) 42. Ne5+ Ke6 43. Kd2 Kd5 44. Nxd3 (44. Bxf4 Bf5 {
[%cal Gc4c3]} 45. g4 hxg4 46. fxg4 c3+ 47. Ke3 Bc2 48. a4 Na3 $19) 44... cxd3
45. Kxd3 Nxa3 46. Bxf4 Nb5 {[%csl Ga6,Gb6] Die Stellung ist nur materiell
gleich, mit zwei verbundenen Freibauern am Damenflügel muss Schwarz das
Endspiel gewinnen.} 47. Be3 a5 48. Bc1 (48. g4 a4 $19) 48... a4 (48... Nxd4 $6
49. Be3 Nf5 50. Bxb6 Nxh4 $17 (50... a4 51. Bf2 $15)) 49. Bb2 Na7 {[%cal Ga7c6]
Schwarz befreit seinen b-Bauern und der Springer zielt auf das c6-Feld.} 50.
Ke3 b5 51. g4 b4 $19 {[%csl Ga4,Gb4][%cal Ga4a3,Gb4b3]} 52. f4 a3 53. Bc1 (53.
Ba1 b3 $19) 53... Nb5 (53... hxg4 54. f5 gxf5 55. h5 Nc8 56. Kf4 Nd6 $19) 54.
f5 {Dieser Zug ist die einzige Möglichkeit für Weiß weiter zu spielen.} gxf5
55. gxh5 b3 {Das ist die einfachste Lösung, Schwarz gewinnt leicht.} 56. h6 b2
57. Bxb2 axb2 58. h7 b1=Q 59. h8=Q Qe4+ 60. Kf2 Qxd4+ {[%cal Rd4f2,Rd4h8]} 61.
Qxd4+ Nxd4 62. h5 Ke5 0-1